000
00268nam a2200109Ia 4500
008
220204s9999 xx 000 0 und d
082
_a
662.997
_b
PAU
100
_a
Paul, J K
245
0
_a
Solar heating and coding
260
_a
New Jersey
_b
Noyes Data
_c
1977
942
_c
BK
999
_c
29830
_d
29830